000 00678nam a2200265Ia 4500
001 43351
005 20240114003544.0
007 ta
008 080924s2007 g b000 u 903 u
040 _aCotton College,Assam
041 _a903
082 _a910.311
_bCh 361 Ge
100 _aChandna, R C .
245 0 _aGeography of population /
_cR C Chandna.
_hTextual Documents
250 _a6th ed /
260 _aNew Delhi :
_bKalyani Publisher ,
_c2007.
653 _aGeography-Population
653 _aPopulation geography
653 _aG-Geography
942 _2ddc
_cBK
999 _c43317
_d43317